| 000 | 00638nam a22002177a 4500 | ||
|---|---|---|---|
| 003 | OSt | ||
| 005 | 20140310182938.0 | ||
| 008 | 130201t xxu||||| |||| 00| 0 eng d | ||
| 020 | _a9789719168751 | ||
| 050 |
_aDS 686.7 _b.B265 2011 |
||
| 082 |
_aFIL 959.9046 _b R386 2011 |
||
| 245 |
_aRemembering EDSA 1986 _b(nine letters: the story of the 1986 Filipino revolution) _cBaron, MCynthia Sta. Maria |
||
| 250 | _arev. ed. | ||
| 260 |
_aQuezon City _bBaron Multimedia _cc2011 |
||
| 300 |
_a152 p. _c21 cm. _b ill. |
||
| 521 | _acollege students | ||
| 526 | _c1210L-1700L | ||
| 541 | _j1 | ||
| 562 | _e1 | ||
| 942 |
_2lcc _cBK _kFIL |
||
| 999 |
_c17656 _d17656 |
||